000 00262nmm a2200085Ia 4500
008 220120s9999||||xx |||||||||||||||||und||
100 _aPC QUEST
_910676
245 0 _aBuild and manage a cloud computing Infra, Hot Linux Destros
260 _aCyber media Pvt. Ltd.
_c2013
999 _c139856
_d139856